书目信息 |
| 题名: |
大学英语综合教程
|
|
| 作者: | 邱东林 主编 | |
| 分册: | 1 学生自学辅导 | |
| 出版信息: | 上海 上海外语教育出版社 2002.12 |
|
| 页数: | 311页 | |
| 开本: | 24m | |
| 丛书名: | 《大学英语》系列教材 | |
| 单 册: | ||
| 中图分类: | H31 | |
| 科图分类: | ||
| 主题词: | 英语--高等学校--教材 | |
| 电子资源: | ||
| ISBN: | 7-81080-664-5 | |
| 000 | 00897nam2 2200253 45 | |
| 005 | 20041129145754.01 | |
| 010 | @a7-81080-664-5@dCNY 14.00 | |
| 100 | @a20030330d2002 ekmy0chiy0121 ea | |
| 101 | 0 | @achi@aeng |
| 102 | @aCN@b310000 | |
| 105 | @aak j 000yy | |
| 200 | 1 | @a大学英语综合教程@Ada xue ying yu zong he jiao cheng@dCollege English integrated course@h1@i学生自学辅导@f邱东林主编@zeng |
| 210 | @a上海@c上海外语教育出版社@d2002.12 | |
| 215 | @a311页@c图, 表格@d24m | |
| 225 | 2 | @a《大学英语》系列教材@e全新版 |
| 300 | @a普通高等教育“十五”国家级规划教材 教育部推荐使用大学外语类教材 | |
| 410 | 0 | @12001 @a《大学英语》系列教材 |
| 510 | 1 | @aCollege English integrated course@iStudent's book@zeng |
| 517 | 1 | @a学生自学辅导 |
| 606 | 0 | @a英语@x高等学校@j教材 |
| 690 | @aH31@v4 | |
| 701 | 0 | @a邱东林@Aqiu dong lin@4主编 |
| 801 | 0 | @aCN@bQSSK1@c20041129 |
| 905 | @a10447@dH31@eQ710 | |
| 大学英语综合教程=College English integrated course.1.学生自学辅导/邱东林主编.-上海:上海外语教育出版社,2002.12 |
| 311页:图, 表格;24m.-(《大学英语》系列教材:全新版) |
| 普通高等教育“十五”国家级规划教材 教育部推荐使用大学外语类教材 |
| ISBN 7-81080-664-5:CNY 14.00 |
| ● |
| 相关链接 |
|
|
|
正题名:大学英语综合教程
索取号:H31/Q710
 
预约/预借
| 序号 | 登录号 | 条形码 | 馆藏地/架位号 | 状态 | 备注 |
| 1 | 427671 | 204276719 | 自科二线504/504自科库 46排5列2层/ [索取号:H31/Q710] | 在馆 | |
| 2 | 427672 | 204276728 | 自科二线504/504自科库 46排5列2层/ [索取号:H31/Q710] | 在馆 | |
| 3 | 427673 | 204276737 | 自科二线504/504自科库 46排5列2层/ [索取号:H31/Q710] | 在馆 | |
| 4 | 427674 | 204276746 | 自科二线504/504自科库 46排5列2层/ [索取号:H31/Q710] | 在馆 | |
| 5 | 427675 | 204276755 | 自科二线504/504自科库 46排5列2层/ [索取号:H31/Q710] | 在馆 |